A to Z - Countries and Capital Cities by 3rd letter - Statistics

General Stats
  • This quiz has been taken 292 times
  • The average score is 44 of 71
Answer Stats
ANSWER % Correct
France; Ghana; Iran; Oman; Rwanda; Uganda; Iraq; Guatemala; Brazil; Swaziland
86%
Azerbaijan; Czech Republic; Greece; Grenada; Iceland; Ireland; Liechtenstein; Sierra Leone; Sweden; Vietnam
81%
Belarus; Malawi; Malaysia; Palau; Poland; Maldives; Moldova; Belgium; Bulgaria
81%
Afghanistan; Algeria; Angola; Argentina; Niger; Nigeria; Togo
79%
Albania; Cuba; Gabon; Lebanon; Liberia; Libya; Uzbekistan
79%
Addis Ababa; Andorra la Vella; Budapest; Dodoma; Madrid; Podgorica; Vaduz
78%
Australia; Austria; Bosnia and Herzegovina; Costa Rica; East Timor; El Salvador; Kosovo; Lesotho; Russia
78%
Jamaica; Romania; Somalia; Cambodia; Gambia; Zambia; Zimbabwe; Armenia; Cameroon; Yemen
78%
Amman; Asmara; Bamako; Damascus; Kampala; Lima; Lome; Roma; Yamoussoukro
77%
Antigua and Barbuda; Botswana; Cote d'Ivoire; Estonia; Latvia; Lithuania; Netherlands; Qatar; Vatican City
77%
Eritrea; Haiti; Switzerland; United Arab Emirates; United Kingdom; United States; Taiwan
77%
Bandar Seri Begawan; London; Windhoek; Bangkok; Bangui; Kingston; Kingstown; Singapore
76%
Luxembourg; Mexico
76%
Ankara; Baku; Dakar; Jakarta; Nuku'alofa; Tokyo
75%
Cape Verde; Cyprus; Japan; Nepal; Papua New Guinea; Republic of the Congo
75%
Israel; Paraguay; Ukraine; Barbados; Serbia; Jordan; Kyrgyzstan; Kiribati; Suriname; Syria
75%
Andorra; Federated States of Micronesia; India; Indonesia; Madagascar; Sudan
74%
Caracas; Harare; Paramaribo; Sarajevo; Tarawa; Tirana; Yaren; Yerevan; Paris
74%
Bishkek; Dushanbe; Tashkent; Washington; Basseterre; Bissau; Nassau; Amsterdam; Castries
73%
Algiers; Baghdad; Bogota; Kigali; Mogadishu; Riga; Tegucigalpa; Zagreb
71%
Canada; Monaco; Panama
71%
Conakry; Funafuti; Managua; Manama; Monaco; Panama; Sanaa; Canberra
71%
Honduras; Senegal; Venezuela; Bangladesh; Hungary; Mongolia; Singapore; Tonga
71%
Burkina Faso; Turkey; Turkmenistan; Burma; Germany; Morocco; Marshall Islands
69%
Benin; Tunisia; Finland; San Marino; Denmark
67%
Apia; Djibouti; Bridgetown; Beijing; Tbilisi; Thimphu
66%
Beirut; Cairo; Nairobi; Chisinau; Pristina; Quito
66%
Croatia; Georgia; Laos; Sao Tome and Principe; Slovakia; Slovenia
66%
Manila; Honiara; Tunis; Banjul; San Jose; San Marino; Phnom Penh; Hanoi
66%
Belmopan; Vilnius; Colombo; Lilongwe; Oslo; Helsinki
65%
Buenos Aires; Freetown; Kiev; Pretoria; Vienna; Vientiane
65%
Central African Republic; Montenegro; Vanuatu; Kenya; Tanzania
65%
Ecuador; Equatorial Guinea; Saudi Arabia; Uruguay; Brunei
65%
Sri Lanka; Djibouti; Chile; Philippines
65%
Antananarivo; Astana; Kathmandu; Ottawa; Vatican City
64%
Mauritania; Mauritius; Nauru; Bhutan; South Africa; South Korea; South Sudan
64%
Abu Dhabi; Abuja; Asuncion; Brussels; Ljubljana; Nouakchott
63%
China; Guinea; Guinea-Bissau; Saint Kitts and Nevis; Saint Lucia; Saint Vincent and the Grenadines; Trinidad and Tobago
63%
Georgetown; Pyongyang; Sao Tome; Seoul; Skopje; Stockholm; Yaounde
63%
Kuwait; New Zealand
63%
Chad; Spain; Thailand; Italy
62%
Dublin; Gaborone; Juba; Kabul; Libreville; Rabat
62%
Egypt; Guyana; Seychelles
62%
Lusaka; Lisbon; Moscow; Muscat; Maseru; Roseau
62%
Ashgabat; Athens; Doha; Tehran
61%
Kazakhstan; Mozambique
61%
Luanda; Khartoum; Brasilia; Bratislava; Guatemala City; Brazzaville
61%
North Korea; Portugal; Burundi; Peru; Norway
61%
Belize; Bolivia; Mali
60%
Dominica; Dominican Republic; Namibia; Comoros; Democratic Republic of the Congo; Samoa
60%
Accra; Bucharest; Nicosia; Sucre; Victoria
58%
Berlin; Bern; Moroni; Warsaw
58%
Luxembourg; Mexico City
58%
Ulaanbaatar; Mbabane; Ouagadougou; Prague; Praia; Dhaka; Kuala Lumpur; Niamey
58%
Bahamas; Bahrain; Ethiopia
54%
Fiji; Tajikistan
53%
Nay Pyi Taw; Reykjavik; Riyadh
49%
Kuwait City; New Delhi
48%
Dili; Palikir; Tallinn; Valletta; Wellington
46%
Monrovia; Minsk; Kinshasa; San Salvador; Santiago; Santo Domingo; Montevideo
46%
Islamabad; Malabo; Male; Melekeok; Belgrade
45%
Havana; Suva
44%
Colombia; Solomon Islands; Malta
42%
Macedonia; Nicaragua
41%
Saint George's; Saint John's; Taipei; Tripoli
40%
Copenhagen; Maputo
37%
Pakistan
36%
Tuvalu
36%
Port Louis; Port Moresby; Port-au-Prince; Port-of-Spain; Porto-Novo; Port-Vila; Jerusalem
35%
Bujumbura; Majuro; N'Djamena
31%
Sofia
26%
No matching quizzes found
Score Distribution
Percent of People with Each Score
Percentile by Number Answered
Your Score History
You have not taken this quiz